000 nam a22 a 4500
999 _c4699
_d4699
003 AKMAL
005 20170731094649.0
008 170731s2017 my e l 000 0 may d
020 _cRM29.00
040 _aAKMAL
082 0 4 _a345.59502 MAL
_223
090 0 0 _a345.59502
_bMAL
110 1 _aMalaysia,
_ejurisdiction governed.
_9400
245 1 0 _aKANUN KESEKSAAN (AKTA 574) :
_b(mengandungi pindaan sehingga Jun 2015) /
_cDisusun oleh: Penasihat Undang-Undang MDC
264 1 _aKuala Lumpur :
_bMDC Publishers,
_c2017
300 _a204pages ;
_c27 cm.
490 1 _aUNDANG-UNDANG MALAYSIA
599 _aDALAM PROSES
650 1 0 _aCriminal law
_zMalaysia
_93716
650 2 0 _aPunishment
_zMalaysia
_98388
830 0 _aUndang-undang Malaysia
_99016
942 _2ddc
_cBOOK
950 _lAKMAL